000
00254nam a2200085Ia 4500
008
220120s9999||||xx |||||||||||||| ||und||
100
_a
Gone Veeranarayana
_9
12179
245
0
_a
Autonomous metro train
260
_a
Coorg Institute of Technology
_b
Ponnampet
_c
2009
999
_c
137765
_d
137765